| 000 | 01141nam0a22002651 4500 | ||
|---|---|---|---|
| 001 | rc\4044384 | ||
| 005 | 20260406163645.0 | ||
| 021 |
_aRU _b[54-39290] |
||
| 035 | _a(NLR Aleph) 008101738 | ||
| 090 |
_a9248707 _c9248707 |
||
| 100 | _a20130415d1954 |||y0rusy50 ca | ||
| 101 | 0 | _arus | |
| 102 | _aRU | ||
| 105 | _aa z ||||| | ||
| 200 | 1 |
_aИманин - новый растительный антибиотик _e[Сборник статей _fОтв. ред. действ. чл. АН УССР В.Г. Дроботько] _gАкад. наук Укр. ССР. Ин-т микробиологии им. акад. Д.К. Заболотного |
|
| 210 |
_aКиев _cИзд-во Акад. наук УССР _d1954 |
||
| 215 |
_a76 с. _cил. _d20 |
||
| 606 |
_aИманин _jСборники _2psbo |
||
| 702 | 1 |
_aДроботько _bВ.Г. _gВиктор Григорьевич _4340 |
|
| 712 | 0 | 2 |
_aИнститут микробиологии им. Д. К. Заболотного _cКиев _3RU\NLR\AUTH\889935056 _9365077 |
| 801 | 0 |
_aRU _bNLR _gpsbo |
|
| 801 | 1 |
_aRU _bELAR _2rusmarc |
|
| 852 |
_aNLR _jМд16 Г-4/310 |
||
| 942 | _cBOOK | ||
| 980 | _aNB | ||